000 00332nam a2200133 i 4500
001 bg
100 1 _aSZCZERSKI, R.
245 0 _aLokalizacja uszkodzeń w sieciach elektroenergetycznych /
_cR. Szczerski.
260 _aWarszawa,
_c1990.
040 _cBPK
041 _apol
942 _cKS
008 s pl f |000 0 pol
999 _c4296
_d4296
856 _uhttp://koha.tu.koszalin.pl/cgi-bin/koha/opac-detail.pl?biblionumber=4296
_yKatalog online BPK